000 00730nam a2200241 a 4500
005 20140908101455.0
008 140120b2002 ck ||||| |||| 00| 0 spa d
041 _aspa
044 _ack
090 _aIAVH
_b00065
100 _aDíaz Merchán, José Andrés
_94268
245 _aSondeo del mercado mundial de añil (Indigofera spp)
260 _aBogotá
_bInstituto Alexander von Humboldt
_c2002
300 _a12 p.
650 _aAnálisis de mercados
_94150
650 _aPlantas tintóreas
_94269
650 _aColorante azul índigo
_94270
650 _aColorante azul maya
_94271
650 _aMercado internacional del añil
_94272
700 _aAvila, Lina María
_94273
942 _cINFORME
_2z
945 _d2004-06-03
999 _c3899
_d3899